Geopolitics Quiz - Statistics

General Stats
  • This quiz has been taken 285 times
  • The average score is 6 of 10
Answer Stats
Question Answer % Correct
Who is the president of China? Xi Jing Ping
91%
Which of these regions has the highest population? South Asia
82%
Which of these is closest to Russia? (Relations) Belarus
79%
What is the capital of the UAE? Abu Dhabi
77%
When did Russia start the invasion of Ukraine? (Excluding Crimea) 2022
76%
Which of these has the largest nominal GDP Germany
75%
Which of these is currently at war? Rwanda
45%
Which of these has the largest landmass? Saudi Arabia
26%
Which of these has the largest GDP PPP Russia
22%
What country has the highest HDI? Iceland
21%
No matching quizzes found
Score Distribution
Percent of People with Each Score
Percentile by Number Answered
Your Score History
You have not taken this quiz